000 00691nam a2200181Ia 4500
008 100921s9999 xx 000 0 und d
082 _b24584
_a891.463 थ 82
100 _aखांडेकर वि.स.
245 _aरिकामा देव्हारा.
260 _bदेशमुख आणि कंपनी,पुणे.
_c1982
300 _a174
_bमॅजेस्टीक प्रकाशन,पुणे.
365 _b65
520 _aललित-कादंबरी.
630 _aरिकामा देव्हारा.
650 _aललित-कादंबरी.
730 _aरिकामा देव्हारा.
942 _cBOOK
999 _c773697
_d773694